000 00792cam a2200205 4500
001 sa 68018216
003 DLC
005 20260227112709.0
008 710701s1968 ii 00000 eng
010 _asa 68018216 //r84
025 _aPL480:I-F-E-133
050 0 _aHE945.S48
_bI49
110 1 0 _aIndia.
_bParliament.
_bCommittee on Public Undertakings.
245 0 0 _aAction taken by Government on the recommendations contained in the third Report of the Committee on Public Undertakings (third Lok Sabha);
_bShipping Corporation of India ltd., Ministry of Transport & Shipping.
260 0 _aNew Delhi,
_bLok Sabha Secretariat,
_c1968.
300 _av, 36 p.
_c24 cm.
410 1 1 _aIts
_tReport,
_v4th Lok Sabha, 18
500 _aCover title.
610 2 0 _aShipping Corporation of India, ltd.
999 _c88246
_d88246